| 000 | 00787cam a2200241 a 4500 | ||
|---|---|---|---|
| 008 | |||
| 020 | _a9781452217413 (pbk.) | ||
| 049 | _aMAIN | ||
| 090 |
_aLB1525.56 _bRES |
||
| 245 | 1 | 0 |
_aResponse to intervention / _cedited by Cara F. Shores. |
| 260 |
_aCalifornia : _bCorwin, _cc2008. |
||
| 300 |
_axx,184 p. : _bill. ; _c26 cm. |
||
| 504 | _aIncludes bibliographical references. | ||
| 650 | 0 |
_aReading (Primary) _vHandbooks, manuals, etc. |
|
| 650 | 0 |
_aRemedial teaching _vHandbooks, manuals, etc. |
|
| 650 | 0 | _aResponse to intervention (Learning disabled children) | |
| 700 | _aShores, Cara F. | ||
| 907 |
_a.b10320969 _b07-11-12 _c18-10-12 |
||
| 003 | |||
| 005 | 20230123125459.0 | ||
| 040 | _cNUST | ||
| 942 |
_cBOOKS _kLB1525.56 _mRES |
||
| 999 |
_c142246 _d142246 |
||